|
|
|
|
| LEADER |
00000nam0a2200000 4500 |
| 001 |
29373 |
| 005 |
20231030203335.0 |
| 010 |
|
|
|a 0194339874
|
| 035 |
|
|
|a (RuTPU)RU\TPU\book\29633
|
| 035 |
|
|
|a BOOK00029708
|
| 090 |
|
|
|a 29373
|
| 100 |
|
|
|a 20011209d2000 m y0engy50 ba
|
| 101 |
0 |
|
|a eng
|
| 102 |
|
|
|a GB
|
| 105 |
|
|
|a a j 000|y
|
| 200 |
1 |
|
|a Headway. Pre-Intermediate
|e Student's book
|f J. Soars, L. Soars
|
| 210 |
|
|
|a Oxford
|c Oxford University Press
|d 2000
|
| 215 |
|
|
|a 143 p.
|
| 517 |
1 |
|
|a Pre-intermediate
|
| 610 |
1 |
|
|a английский язык
|
| 610 |
1 |
|
|a учебные пособия
|
| 610 |
1 |
|
|a лексика
|
| 610 |
1 |
|
|a грамматика
|
| 610 |
1 |
|
|a устная речь
|
| 610 |
1 |
|
|a разговорная речь
|
| 686 |
|
|
|a Ш143.21-923
|v LBC/SL-A
|2 rubbk
|
| 700 |
|
1 |
|a Soars
|b J.
|g John
|
| 701 |
|
1 |
|a Soars
|b L.
|g Liz
|
| 801 |
|
0 |
|a GB
|b 63413507
|c 20011209
|g PSBO
|
| 801 |
|
2 |
|a RU
|b 63413507
|c 20230614
|g PSBO
|
| 942 |
|
|
|c BK
|